| 000 | 00561nam a22001577a 4500 | ||
|---|---|---|---|
| 003 | OSt | ||
| 005 | 20221012202217.0 | ||
| 008 | 221012b |||||||| |||| 00| 0 eng d | ||
| 040 | _cBiblioteca Lado V | ||
| 082 |
_a700.74 _bEl34b |
||
| 100 |
_9165 _aEilitz, Mateo _eMontaje |
||
| 245 | _aBedel, Benedit, Bony, Bruzzone en la XVIII Bienal Internacional de Venecia/ | ||
| 260 |
_aItalia _bDirección General de Asuntos Culturales del Ministerio de Relaciones Exteriores _c1999 |
||
| 300 |
_a35p. _c24x30cm |
||
| 942 |
_2ddc _c1 _h700.74 _iEI34b _n0 |
||
| 999 |
_c2289 _d2289 |
||